000
00307nam a2200121Ia 4500
008
210430s9999 xx 000 0 und d
082
_a
530 K391 P
100
_a
Donald Q.Kern
245
_a
Process Heat Transfer
_c
Donald Q.Kern
260
_a
New york
_b
Graw-Hill
_c
1950
300
_a
871p
942
_c
BK
_2
ddc
999
_c
565981
_d
565981